| 000 | 00440cam a22001337a 4500 | ||
|---|---|---|---|
| 008 | 180718b1989 xxu||||| |||| 00| 0 eng d | ||
| 100 | _aMandal, A.K. | ||
| 245 |
_aFauna of Sundarban mangrive ecosystem West Bengal, India _cby A.K. Mandal and N.C. Nandi |
||
| 260 |
_aCalcutta _bZoological Survey of India _c1989 |
||
| 300 | _a116p. | ||
| 440 | _aFauna of Conservation Areas 3 | ||
| 700 | _aZoological Survey of India | ||
| 700 | _aNandi, N.C. | ||
| 999 |
_c486728 _d486728 |
||